Geographie : cours moyen 1re et 2e annees

Αποθηκεύτηκε σε:
Λεπτομέρειες βιβλιογραφικής εγγραφής
Κύριος συγγραφέας: Merlier, Andre
Άλλοι συγγραφείς: Leroux, Gilles
Μορφή: Βιβλίο
Γλώσσα:French
Δημοσίευση: Paris : Hatier, [194-?]
Θέματα:
Ετικέτες: Προσθήκη ετικέτας
Δεν υπάρχουν, Καταχωρήστε ετικέτα πρώτοι!

MARC

LEADER 00000cam a2200000 i 4500
001 1/55494
008 040520r19451950 fre d
035 |l 10073438 
040 |a GR-MY-UA  |b gre  |e aacr 
041 0 |a fre 
082 0 |a 372.891 
100 1 |a Merlier, Andre. 
245 1 0 |a Geographie :  |b cours moyen 1re et 2e annees /  |c A. Merlier, G. Leroux 
260 |a Paris :   |b Hatier,   |c [194-?] 
300 |a 111 p. 
650 0 0 |a Geography  |x Study and teaching (Elementary) 
700 1 |a Leroux, Gilles. 
852 |a INST  |b RHODES  |c AKA  |e 20040520  |h  372.891 MER  |p 005400019059  |q 005400019059  |t BK  |y 0 
901 |a BIBL4-2004-2 
909 |a Ρ  |b 109456 
970 |a ΚΟΥΛΑΚΙΟΤΗ  |b ΛΙΤΣΑ  |z 2004/05/20